000
00275nam a2200121Ia 4500
005
20251222153538.0
008
251222s9999||||xx |||||||||||||| ||spa||
082
_a
305.963/C46
245
0
_a
Comunidades Campesinas:
250
_a
1ra. ed.
264
_b
CONCYTEC
942
_c
LIB
999
_c
30356
_d
30356